Southville International School and Colleges
Your cart is empty.
  • Cart
  • Lists
    Public lists Eva Luna New books Lux_list list_1
    Your lists Log in to create your own lists
  • Log in to your account
  • Your cookies
  • Search history
Southville International School and Colleges
  • Advanced search
  • Recent comments
  • Most popular
  • Libraries

Log in to your account

Log in with GOOGLE


If you do not have an external account, but do have a local account, you can still log in:

  1. Home
  2. MARC view: The lively rhetoric;
Normal view MARC view ISBD view

The lively rhetoric; (Record no. 10008)

[ view plain ]
MARC details
000 -LEADER
fixed length control field 00834cam a2200253 4500
001 - CONTROL NUMBER
control field 4066340
003 - CONTROL NUMBER IDENTIFIER
control field SISC
005 - DATE AND TIME OF LATEST TRANSACTION
control field 20160314144351.0
008 - FIXED-LENGTH DATA ELEMENTS--GENERAL INFORMATION
fixed length control field 680301s1968 nyua 000 0 eng
010 ## - LIBRARY OF CONGRESS CONTROL NUMBER
LC control number 68016113
040 ## - CATALOGING SOURCE
Original cataloging agency DLC
Transcribing agency DLC
Modifying agency DLC
050 00 - LIBRARY OF CONGRESS CALL NUMBER
Classification number PE 1122
Item number .Sch3 1968
082 00 - DEWEY DECIMAL CLASSIFICATION NUMBER
Classification number HS 808.04
Item number Sc17 1968
100 1# - MAIN ENTRY--PERSONAL NAME
Personal name Scharbach, Alexander,
Relator term comp.
9 (RLIN) 15724
245 14 - TITLE STATEMENT
Title The lively rhetoric;
Remainder of title readings, analyses, arguments
Statement of responsibility, etc [by] Alexander Scharbach [and] Ralph H. Singleton.
260 ## - PUBLICATION, DISTRIBUTION, ETC. (IMPRINT)
Place of publication, distribution, etc New York,
Name of publisher, distributor, etc Holt, Rinehart and Winston
Date of publication, distribution, etc [1968]
300 ## - PHYSICAL DESCRIPTION
Extent xiv, 250 p.
Other physical details illus.
Dimensions 23 cm.
650 #0 - SUBJECT ADDED ENTRY--TOPICAL TERM
Topical term or geographic name as entry element College readers.
9 (RLIN) 1718
650 #0 - SUBJECT ADDED ENTRY--TOPICAL TERM
Topical term or geographic name as entry element English language
General subdivision Rhetoric.
9 (RLIN) 15725
700 1# - ADDED ENTRY--PERSONAL NAME
Personal name Singleton, Ralph H.,
Relator term joint comp.
9 (RLIN) 15726
906 ## - LOCAL DATA ELEMENT F, LDF (RLIN)
a 7
b cbc
c orignew
d u
e ncip
f 19
g y-gencatlg
942 ## - ADDED ENTRY ELEMENTS (KOHA)
Source of classification or shelving scheme Library of Congress Classification
Koha item type Books
Holdings
Withdrawn status Lost status Source of classification or shelving scheme Damaged status Home library Current library Shelving location Date acquired Total Checkouts Full call number Barcode Date last seen Copy number Price effective from Koha item type
    Library of Congress Classification   Luxembourg Library Luxembourg Library High School Section 08/30/2013   PE 1122 .Sch3 1968 0366 03/14/2016 1 08/30/2013 Books

The lively rhetoric;

APA

Scharbach A., Singleton R. H., . (1968). The lively rhetoric. New York: Holt, Rinehart and Winston.

Chicago

Scharbach Alexander, Singleton Ralph H, . 1968. The lively rhetoric. New York: Holt, Rinehart and Winston.

Harvard

Scharbach A., Singleton R. H., . (1968). The lively rhetoric. New York: Holt, Rinehart and Winston.

MLA

Scharbach Alexander, Singleton Ralph H, . The lively rhetoric. New York: Holt, Rinehart and Winston. 1968.

  • Place hold
  • Print
  • Cite
  • Add to your cart (remove)
  • Save record
    BIBTEX Dublin Core MARCXML MARC (non-Unicode/MARC-8) MARC (Unicode/UTF-8) MARC (Unicode/UTF-8, Standard) MODS (XML) RIS
  • More searches
    Search for this title in:
    Other Libraries (WorldCat) Other Databases (Google Scholar) Online Stores (Bookfinder.com) Open Library (openlibrary.org)

Exporting to Dublin Core...

SOUTHVILLE LIBRARY

Southville International School and Colleges Library

1281 Tropical Ave. Cor. Luxembourg St., BF Homes International, Las Pinas City

Tel. No. 8256374 / 252358 Loc. 117/146

Powered by Koha